Statistiques concernant Top 3 de la Ligue 1

Cliquez ici pour prendre le quiz!

Statistiques générales

  • Ce quiz a été pris 174 fois
  • Le résultat moyen est 11 sur 12

Statistiques - réponses

Answer % Correct
Paris Saint-Germain
100%
Lille OSC
100%
Olympique Lyonnais
100%
AS Monaco
100%
Olympique de Marseille
100%
Girondins de Bordeaux
99%
Montpellier HSC
97%
FC Nantes
97%
OGC Nice
94%
RC Lens
88%
AJ Auxerre
87%
Toulouse FC
82%

Distribution des résultats

Percentile par nombre de réponses

% des personnes avec chaque résultat

Votre développement - résultats

Vous n’avez pas pris ce quiz